📖 150 premiers mots "Monsieur Malaussène" Daniel Pennac - Statistiques

Statistiques générales
  • Ce quiz a Ă©tĂ© pris 15 fois
  • Le rĂ©sultat moyen est 74 sur 150
Statistiques - réponses
Mots % Correct
L'
100%
Ă 
90%
avait
90%
d'
90%
de
90%
des
90%
et
90%
ils
90%
Ils
90%
la
90%
le
90%
un
90%
Un
90%
une
90%
youyous,
90%
avaient
80%
en
80%
était
80%
leur
80%
on
80%
Ses
80%
Belleville
70%
fait,
70%
les
70%
ou
70%
que
70%
Qui
70%
sur
70%
comme
60%
donc
60%
étaient
60%
jour
60%
tout
60%
Bien
50%
enfant
50%
fois-
50%
petit
50%
peut
50%
avoir
40%
cette
40%
ci
40%
déjà
40%
Deux
40%
été
40%
eu
40%
faire
40%
ans
30%
centaines
30%
ceux
30%
chose
30%
encore
30%
encore ?
30%
entendu,
30%
femmes
30%
pouvait-
30%
quatre
30%
quatre.
30%
quelques
30%
sept,
30%
sept
30%
six
30%
vu
30%
bébé-
20%
coups
20%
croyaient
20%
escaliers
20%
Eux,
20%
hordes
20%
montaient
20%
pareille ?
20%
poussant
20%
barrerait
10%
brebis
10%
cloué
10%
étages,
10%
ignoraient
10%
malheur.
10%
moutons
10%
oiseau
10%
passage.
10%
porte
10%
porte.
10%
vers
10%
viande
10%
visage
10%
yeux
10%
accueillis
0%
béliers,
0%
chouette.
0%
couraient
0%
déblayer
0%
dieu
0%
énamourées
0%
épluchures,
0%
flanquées
0%
gosse
0%
griffé
0%
imaginer
0%
jalousement...
0%
Jésus
0%
lune
0%
morte
0%
paliers
0%
pleine
0%
surprise.
0%
troupeau
0%
vif
0%
Aucun quiz correspondant
Distribution des résultats
% des personnes avec chaque résultat
Percentile par nombre de réponses
Votre historique - résultats
Vous n’avez pas pris ce quiz